Ember és végtelen
Elmentve itt :
| Szerző: | |
|---|---|
| Adatforrás: | Philobibl |
| Forrásdokumentuma: | A Hét, 1973/8 15. p. |
| Dokumentumtípus: | Cikk |
| Nyelv: | magyar |
| Kulcsszavak: | determinizmus |
| LEADER | 00287nab a2200109 c 4500 | ||
|---|---|---|---|
| 001 | bibDOK00015905 | ||
| 005 | 20200924121037.1 | ||
| 008 | 060518s1973 hu hun | ||
| 100 | 1 | |a Kabay László | |
| 245 | 1 | 0 | |a Ember és végtelen |c Kabay László |
| 695 | |a determinizmus | ||
| 773 | 0 | |t A Hét, 1973/8 |g 15. p. | |